000 00519nam a2200181Ia 4500
001 17779
005 20260306171542.0
008 260306s9999||||xx |||||||||||||| ||und||
041 _aESP
082 _a658.1599
_bL54
100 _aLevi, Maurice D.
_eAUT
245 0 _aFinanzas internacionales:
_bun estudio de los mercados y de la administración financiera de empresas multinacionales
260 _c1997
300 _axxvi, 707 páginas :
_c23 cm.
650 _aGEN
654 _aCAN
942 _cLIB
_dJUS
_fJUS
_2ddc
_n
999 _c17779
_d17779